000 00532nam a22001817a 4500
008 220722b |||||||| |||| 00| 0 eng d
020 _a1944883492
050 _aQC225.15
_b.S64 2018
100 _aSpeaks, Charles E.
245 _aIntroduction to Sound:
_bAcoustics for the Hearing and Speech Sciences
_cCharles E. Speaks
250 _a4th ed.
260 _aSan Diego
_bPlural Publishing
_c2018
300 _axv, 427p.
650 _aAcoustics
650 _aSound
650 _aspeech-language pathology
942 _2lcc
_cBK
999 _c19405
_d19404